000 02119cam a22003857a 4500
001 15207365
003 OSt
005 20180116192417.0
008 080305s2007 nyua b 001 0 eng d
010 _a 2008295797
020 _a1554073103 (hbk.)
020 _a9781554073108 (hbk.)
035 _a(OCoLC)ocn171171707
040 _aIWL
_cIWL
_dBAKER
_dYDXCP
_dMR0
_dNPL
_dBTCTA
_dNOR
_dVP@
_dDLC
042 _alccopycat
050 0 0 _aTS171
_b.B378 2007
082 0 4 _a745
100 1 _aBayley, Stephen.
_96831
245 1 0 _aDesign :
_bintelligence made visible /
_cStephen Bayley, Terence Conran.
260 _aBuffalo, N.Y. ;
_aRichmond Hill, Ont. :
_bFirefly Books,
_c2007.
300 _a335 p. :
_bill. (some col.) ;
_c29 cm.
500 _aCover title.
504 _aIncludes bibliographical references and index.
505 0 0 _gA
_tnote on good design /
_rTerence Conran --
_gA
_tnote on disegno /
_rStephen Bayley --
_g1. An
_tindustrious love of art : the beginnings of design --
_g2.
_tLawful prey : mass-consumption --
_g3. A
_tkilogram of stone or a kilogram of gold? : survival and revival of craft values --
_g4.
_tHygiene of the optical : the romance of the machine --
_g5. The
_tcash value of art : America --
_g6. La
_tRicostruzione : Italy since the Fifties --
_g7.
_tUgly, inefficient, depressing chaos : symbolism and consumer psychology --
_g8.
_tAll that is solid melts into air : design since the Eighties --
_tA-Z entries --
_tNational characteristics --
_tMuseums & institutions --
_tIndex --
_tAcknowledgements.
520 _aIncludes the leading names, movements, materials and processes such as furniture, fashion, cars, graphics, products, signs and symbols that have influenced the world of design.
650 0 _aIndustrial design.
_96832
650 0 _aArt and design.
_96833
650 0 _aDesign
_xHistory.
_96834
650 0 _aFashion design.
_96835
700 1 _aConran, Terence.
_96836
906 _a7
_bcbc
_ccopycat
_d2
_encip
_f20
_gy-gencatlg
942 _2ddc
_cBK
999 _c353767
_d353767